Gemerfilm desaťročný

Bibliographic Details
Main Authors: Gömöri, Zoltán (Author), Tököly, Gabriel, 1952-2006 (Author)
Format: Article
Language:Slovak
Subjects:

MARC

LEADER 00000nab a2200000 a 4500
001 vtls000274435
003 SK-MaSNL
005 20260302213848.0
008 040806c1987 xo 0 slo
015 |a SNBRB19rr/mm-uuuuu 
035 |a CL0284549 
040 |a SNKBUCL  |b slo  |c SNKBUCL  |e AACR2 
041 0 |a slo 
044 |a xo  |c SK 
080 |a 379.825:791.44.073  |2 1981 
080 |a 791.44.073  |2 1981 
100 1 |a Gömöri, Zoltán  |4 aut  |9 269828 
245 1 0 |a Gemerfilm desaťročný  |c Zoltán Gömöri, Gabriel Tököly 
610 2 7 |a Gemerfilm (Rožňava, Slovensko)  |2 snkbucl  |9 940410 
651 7 |a Rožňava (Slovensko)  |2 snkbucl  |9 17394 
700 1 |a Tököly, Gabriel,  |d 1952-2006  |4 aut  |9 155186 
773 0 |t Výtvarníctvo fotografia film  |g Roč. 25, č. 4 (1987), s. 22 
850 |a Slovenská národná knižnica v Martine  |a MTA001 
852 |a SNK  |b KIS3GCP 
999 |c 1495310  |d 1497240